१८ वीं शती के हिंदी पत्र : (Record no. 121045)

MARC details
000 -LEADER
fixed length control field 01393nam a22002657a 4500
005 - DATE AND TIME OF LATEST TRANSACTION
control field 20170124103207.0
010 ## - LIBRARY OF CONGRESS CONTROL NUMBER
LC control number 767572
020 ## - INTERNATIONAL STANDARD BOOK NUMBER
Terms of availability 25.00
035 ## - SYSTEM CONTROL NUMBER
System control number 767572
037 ## - SOURCE OF ACQUISITION
Source of stock number/acquisition Cen Lib/Ret
040 ## - CATALOGING SOURCE
Original cataloging agency DPL
Language of cataloging HN
082 ## - DEWEY DECIMAL CLASSIFICATION NUMBER
Classification number 820.6
Item number केलक
100 ## - MAIN ENTRY--PERSONAL NAME
Personal name केलकर, काशीनाथ शंकर
9 (RLIN) 94166
245 ## - TITLE STATEMENT
Title १८ वीं शती के हिंदी पत्र :
Statement of responsibility, etc काशीनाथ शंकर केलकर
Remainder of title मराठा शासकों से सम्बंधित 18 वीं शती के हिंदी पत्रों का भाषा शास्त्रीय एवं इतिहासक अध्ययन /
246 ## - VARYING FORM OF TITLE
Title proper/short title 18 vi shati ke hindi patr : maratha shaskon se sambandhit 18 vi shati ke hindi patron ka bhasha evam etihasik adhyayan /
Remainder of title by Kashinath Shankar Kelkar
260 ## - PUBLICATION, DISTRIBUTION, ETC. (IMPRINT)
Place of publication, distribution, etc मथुरा
Name of publisher, distributor, etc जवाहर पुस्तकालय
Date of publication, distribution, etc 1970
270 ## - ADDRESS
City मथुरा
300 ## - PHYSICAL DESCRIPTION
Extent 453पृ.
Dimensions 21सेमी(सजिल्द )
500 ## - GENERAL NOTE
General note ग्रन्थ सूची शामिल
650 ## - SUBJECT ADDED ENTRY--TOPICAL TERM
Topical term or geographic name as entry element साहित्य -- हिंदी
General subdivision
Geographic subdivision
9 (RLIN) 94167
650 ## - SUBJECT ADDED ENTRY--TOPICAL TERM
Topical term or geographic name as entry element हिंदी -- पत्र लेखन
9 (RLIN) 4492
650 ## - SUBJECT ADDED ENTRY--TOPICAL TERM
Topical term or geographic name as entry element Literature - Hindi
9 (RLIN) 83958
650 ## - SUBJECT ADDED ENTRY--TOPICAL TERM
Topical term or geographic name as entry element Hindi letter writing
9 (RLIN) 45640
942 ## - ADDED ENTRY ELEMENTS (KOHA)
Source of classification or shelving scheme Dewey Decimal Classification
Koha item type Hindi Books
Classification part 820.6
Call number suffix केलक
Holdings
Withdrawn status Lost status Damaged status Not for loan Home library Current library Date acquired Source of acquisition Cost, normal purchase price Total Checkouts Full call number Barcode Date last seen Copy number Cost, replacement price Price effective from Koha item type Public note
Written off       Central Library Central Library 30/09/2015 Cen Lib/Ret 25.00   820.6 केलक 767572 30/09/2015 1 25.00 30/09/2015 Hindi Books Written off on approval by DLB (By Circulation); dtd 15-06-2023

© Delhi Public Library
Hit Counter
free hit counter